La Dimensión de la pobreza. Estudio de la pobreza rural en Costa Rica

Wedi'i Gadw mewn:
Manylion Llyfryddiaeth
Awdur Corfforaethol: Costa Rica. Presidencia de la República. Oficina de Planificación Nacional y Política Económica
Fformat: Texto
Cyhoeddwyd: San José: La Oficina
Tagiau: Ychwanegu Tag
Dim Tagiau, Byddwch y cyntaf i dagio'r cofnod hwn!

MARC

LEADER 00000 a a2200000 04500
001 15061
003
040
090 |a 027900  
110 |a Costa Rica. Presidencia de la República. Oficina de Planificación Nacional y Política Económica  
245 |a La Dimensión de la pobreza. Estudio de la pobreza rural en Costa Rica  
260 |a San José:   |b La Oficina  
300 |a 16; 126 p  
999 |c 5625  |d 5625